Animal-plant interactions in tropical environments (Registro nro. 358)

Detalles MARC
000 -CABECERA
Campo de control 01027nam a2200313 a 4500
005 - FECHA Y HORA DE LA ULTIMA TRANSACCION
Campo de control 20191224041525.0
008 - ELEMENTOS DE LONGITUD FIJA—INFORMACION GENERAL
Campo de control 140220t1993 gw a gr|||| 00| 0 eng d
020 ## - ISBN
ISBN 3925382364
040 ## - FUENTE DE CATALOGACIÓN
Agencia catalogadora original CO-BoIAVH
Agencia transcriptora CO-BoIAVH
041 ## - IDIOMA
Código de idioma para texto/pista de sonido o título separado Inglés
044 ## - PAÍS DE PUBLICACIÓN
País de publicación Alemania
082 #4 - NUMERO DE CLASIFICACION DECIMAL DEWEY
Número de clasificación 574.524
Número del ítem B28a
090 ## - CLASIFICACIÓN LOCAL
Colección LB
Consecutivo 00338
100 1# - ASIENTO PRINCIPAL--NOMBRE PERSONAL
Nombre personal Barthlott, Wilhelm
9 (RLIN) 7457
245 1# - MENCION DE TITULO
Título Animal-plant interactions in tropical environments
Parte restante del título Annual Meeting of the German Society for Tropical Ecology
260 ## - PUBLICACION, DISTRIBUCION, ETC. (PIE DE IMPRENTA)
Lugar de publicación, distribución, etc. Bonn
Nombre del editor, distribuidor, etc. Zoologisches forschungsinstitut und Museum Alexander Koenig
Fecha de publicación, distribución, etc. 1993
300 ## - DESCRIPCION FISICA
Extensión 227 paginas.:
Otros detalles físicos ilustraciones;
Dimensiones 23 x 16 cm
650 #4 - ASIENTO SECUNDARIO DE MATERIA - TERMINO TEMATICO
Término temático o nombre geográfico como elemento de entrada Interacción planta-animal
9 (RLIN) 7459
650 #4 - ASIENTO SECUNDARIO DE MATERIA - TERMINO TEMATICO
Término temático o nombre geográfico como elemento de entrada Interacción biológica
9 (RLIN) 3590
650 #4 - ASIENTO SECUNDARIO DE MATERIA - TERMINO TEMATICO
Término temático o nombre geográfico como elemento de entrada Frugivoría
9 (RLIN) 7233
650 #4 - ASIENTO SECUNDARIO DE MATERIA - TERMINO TEMATICO
Término temático o nombre geográfico como elemento de entrada Dispersión
9 (RLIN) 7460
650 #4 - ASIENTO SECUNDARIO DE MATERIA - TERMINO TEMATICO
Término temático o nombre geográfico como elemento de entrada Ecosistemas tropicales
9 (RLIN) 3564
650 #4 - ASIENTO SECUNDARIO DE MATERIA - TERMINO TEMATICO
Término temático o nombre geográfico como elemento de entrada Inventarios
9 (RLIN) 89672
650 #4 - ASIENTO SECUNDARIO DE MATERIA - TERMINO TEMATICO
Término temático o nombre geográfico como elemento de entrada Coevolución
9 (RLIN) 7461
700 1# - ASIENTO SECUNDARIO - NOMBRE PERSONAL
Nombre personal Naumann, C. M
9 (RLIN) 7462
700 1# - ASIENTO SECUNDARIO - NOMBRE PERSONAL
Nombre personal Schmidt, Loske
9 (RLIN) 7463
700 1# - ASIENTO SECUNDARIO - NOMBRE PERSONAL
Nombre personal Schuchmann,, K. L
9 (RLIN) 7464
942 ## - ELEMENTOS ADICIONALES (KOHA)
Tipo de ítem Libro
Sistema de clasificación Dewey Decimal Classification
Koha issues (borrowed), all copies 1
Existencias
Withdrawn status Lost status Sistema de Clasificación Damaged status No para préstamo Colección Ubicación Permanente Ubicación actual Fecha de adquisición Fuente de Valor Total Checkouts Número topográfico Inventario / Código de Barras Date last seen Date checked out Ejemplar Price effective from Forma de adquisición Tipo de material
    Dewey Decimal Classification     General Bogotá Bogotá 29/12/1997 Instituto 1 LB-574.524 B28a 000502 01/08/2016 01/08/2016 Ej. 1 04/12/2012 Donación Libro